000 00970nam a2200289Ia 4500
003 OSt
005 20221005062224.0
006 a|||||r|||| 00| 0
007 ta
008 221004b |||||||| |||| 00| 0 eng d
020 _a9781138089761 (hbk)
_cUKP 105.00
024 _a66982
037 _b227, 06/03/2020, Classic Book Service
_cTextual
040 _aCRL
_cCRL
_beng
041 _2eng
_aeng
082 _aV1:19, R0
100 _aSteele Brent J. Ed.
_9601313
245 0 _aTactical constructivism, method, and international relations
260 _aLondon
_bRoutledge UK
_c2020
300 _axiii,254p.
_ccm.
490 _aNew international relations
650 _aINTERNATIONAL RELATIONS
700 _a Gould Harry D. Ed.
_9601580
700 _a Kessler Oliver Ed.
_9601581
942 _hV1:19, R0
_cTEXL
_2cc
999 _c969380
_d969380